[Event "Stay Safe Play From Home 424"]
[Site "Emanuel Lasker Arena"]
[Date "2020.08.31"]
[Round "1"]
[White "Gokerkan"]
[Black "Stefanone"]
[Result "1-0"]
[WhiteElo "2615"]
[BlackElo "1952"]
[PlyCount "25"]
[EventDate "2020.08.31"]
[EventType "swiss (blitz)"]

1. e4 {[%emt 0:00:04]} e6 {[%emt 0:00:01]} 2. d4 {[%emt 0:00:01]} d5 {[%emt 0:00:00]} 3. Nc3 {[%emt 0:00:00]} dxe4 {[%emt 0:00:00]} 4. Nxe4 {[%emt 0:00:00]} Nd7 {[%emt 0:00:01]} 5. Nf3 {[%emt 0:00:01]} Ngf6 {[%emt 0:00:03]} 6. Nxf6+ {[%emt 0:00:03]} Nxf6 {[%emt 0:00:01]} 7. c3 {[%emt 0:00:00]} c6 {[%emt 0:00:00]} 8. Bd3 {[%emt 0:00:01]} Be7 {[%emt 0:00:01]} 9. O-O {[%emt 0:00:01]} O-O {[%emt 0:00:01]} 10. Qe2 {[%emt 0:00:01]} b6 {[%emt 0:00:01]} 11. Ne5 {[%emt 0:00:02]} Nd7 {[%emt 0:00:02]} 12. Nxc6 {[%emt 0:00:01]} Qc7 {[%emt 0:00:00]} 13. Nxe7+ {[%emt 0:00:01] Stefanone abbandona (Lag: Av=0.44s, max=0.7s)} 1-0

[Event "Stay Safe Play From Home 424"]
[Site "Emanuel Lasker Arena"]
[Date "2020.08.31"]
[Round "1"]
[White "Eidgenosse"]
[Black "NTBT_DHS"]
[Result "1-0"]
[WhiteElo "2438"]
[BlackElo "2579"]
[PlyCount "87"]
[EventDate "2020.08.31"]
[EventType "swiss (blitz)"]

1. Nf3 {[%emt 0:00:02]} c6 {[%emt 0:00:02]} 2. e3 {[%emt 0:00:00]} d5 {[%emt 0:00:00]} 3. c4 {[%emt 0:00:00]} Nf6 {[%emt 0:00:02]} 4. Nc3 {[%emt 0:00:00]} Bf5 {[%emt 0:00:01]} 5. d4 {[%emt 0:00:00]} e6 {[%emt 0:00:01]} 6. Bd3 {[%emt 0:00:00]} Bg6 {[%emt 0:00:01]} 7. O-O {[%emt 0:00:01]} Nbd7 {[%emt 0:00:01]} 8. Ne5 {[%emt 0:00:01]} Be7 {[%emt 0:00:01]} 9. f4 {[%emt 0:00:01]} O-O {[%emt 0:00:02]} 10. Qe2 {[%emt 0:00:01]} dxc4 {[%emt 0:00:02]} 11. Bxc4 {[%emt 0:00:01]} c5 {[%emt 0:00:00]} 12. Kh1 {[%emt 0:00:02]} cxd4 {[%emt 0:00:01]} 13. exd4 {[%emt 0:00:00]} Nb6 {[%emt 0:00:00]} 14. Be3 {[%emt 0:00:01]} Nxc4 {[%emt 0:00:01]} 15. Nxc4 {[%emt 0:00:00]} Rc8 {[%emt 0:00:00]} 16. Ne5 {[%emt 0:00:01]} Nd5 {[%emt 0:00:00]} 17. Rad1 {[%emt 0:00:02]} Bf6 {[%emt 0:00:02]} 18. Rfe1 {[%emt 0:00:01]} Bxe5 {[%emt 0:00:01]} 19. dxe5 {[%emt 0:00:01]} Qa5 {[%emt 0:00:00]} 20. Nxd5 {[%emt 0:00:01]} exd5 {[%emt 0:00:00]} 21. Bd4 {[%emt 0:00:02]} Be4 {[%emt 0:00:01]} 22. a3 {[%emt 0:00:00]} Qa4 {[%emt 0:00:01]} 23. Rd2 {[%emt 0:00:01]} Rc4 {[%emt 0:00:01]} 24. Qe3 {[%emt 0:00:01]} Qc6 {[%emt 0:00:04]} 25. h3 {[%emt 0:00:01]} h6 {[%emt 0:00:02]} 26. Kh2 {[%emt 0:00:01]} Rc8 {[%emt 0:00:01]} 27. Red1 {[%emt 0:00:01]} b5 {[%emt 0:00:01]} 28. Qg3 {[%emt 0:00:02]} g6 {[%emt 0:00:02]} 29. Bxa7 {[%emt 0:00:02]} b4 {[%emt 0:00:03]} 30. axb4 {[%emt 0:00:01]} Rxb4 {[%emt 0:00:00]} 31. Bd4 {[%emt 0:00:00]} Qa4 {[%emt 0:00:00]} 32. Bc3 {[%emt 0:00:01]} Rb3 {[%emt 0:00:01]} 33. Rxd5 {[%emt 0:00:02]} Bxd5 {[%emt 0:00:01]} 34. Rxd5 {[%emt 0:00:00]} Qc4 {[%emt 0:00:02]} 35. Rd6 {[%emt 0:00:01]} Qe4 {[%emt 0:00:03]} 36. Rf6 {[%emt 0:00:04]} Rd8 {[%emt 0:00:03]} 37. e6 {[%emt 0:00:01]} Rd3 {[%emt 0:00:06]} 38. exf7+ {[%emt 0:00:02]} Kf8 {[%emt 0:00:01]} 39. Qh4 {[%emt 0:00:02]} h5 {[%emt 0:00:02]} 40. Qg5 {[%emt 0:00:01]} Rxh3+ {[%emt 0:00:05]} 41. Kxh3 {[%emt 0:00:03]} Qd3+ {[%emt 0:00:00]} 42. Kh2 {[%emt 0:00:02]} Qe4 {[%emt 0:00:00] ' ' '} 43. Qh6+ {[%emt 0:00:01]} Ke7 {[%emt 0:00:00]} 44. f8=Q+ {[%emt 0:00:00] Time Time Time (Lag: Av=0.58s, max=1.3s) (Lag: Av=0.58s, max=1.3s) (Lag: Av=0.58s, max=1.3s)} 1-0

[Event "Stay Safe Play From Home 424"]
[Site "Emanuel Lasker Arena"]
[Date "2020.08.31"]
[Round "1"]
[White "Lazieri3"]
[Black "Namanjain2005"]
[Result "1-0"]
[WhiteElo "2070"]
[BlackElo "1396"]
[Annotator "NA"]
[PlyCount "59"]
[EventDate "2020.08.31"]
[EventType "swiss (blitz)"]

1. e4 {[%emt 0:00:01]} c5 {[%emt 0:00:02]} 2. Nc3 {[%emt 0:00:00]} d6 {[%emt 0:00:01]} 3. d3 {[%emt 0:00:00]} Nf6 {[%emt 0:00:01]} 4. Nf3 {[%emt 0:00:00]} g6 {[%emt 0:00:00]} 5. Be3 {[%emt 0:00:01]} Bg7 {[%emt 0:00:00]} 6. Qd2 {[%emt 0:00:00]} Nc6 {[%emt 0:00:00]} 7. Bh6 {[%emt 0:00:00]} Kf8 {[%emt 0:00:01]} 8. h4 {[%emt 0:00:01]} Be6 {[%emt 0:00:04]} 9. h5 {[%emt 0:00:01]} Nd4 {[%emt 0:00:01]} 10. Nxd4 {[%emt 0:00:02]} cxd4 {[%emt 0:00:01]} 11. Ne2 {[%emt 0:00:01]} Rc8 {[%emt 0:00:01]} 12. Nxd4 {[%emt 0:00:04]} Qc7 {[%emt 0:00:02]} 13. Nxe6+ {[%emt 0:00:02]} fxe6 {[%emt 0:00:00]} 14. hxg6 {[%emt 0:00:01]} hxg6 {[%emt 0:00:01]} 15. Bxg7+ {[%emt 0:00:01]} Kxg7 {[%emt 0:00:00]} 16. Rxh8 {[%emt 0:00:01]} Rxh8 {[%emt 0:00:01]} 17. O-O-O {[%emt 0:00:00]} Rc8 {[%emt 0:00:01]} 18. g3 {[%emt 0:00:01]} d5 {[%emt 0:00:01]} 19. Bg2 {[%emt 0:00:02]} d4 {[%emt 0:00:02]} 20. e5 {[%emt 0:00:03]} Nd7 {[%emt 0:00:01]} 21. f4 {[%emt 0:00:01]} Nc5 {[%emt 0:00:01]} 22. Kb1 {[%emt 0:00:00]} Na4 {[%emt 0:00:01]} 23. f5 {[%emt 0:00:05]} exf5 {[%emt 0:00:02]} 24. Rh1 {[%emt 0:00:03]} Rh8 {[%emt 0:00:02]} 25. Rxh8 {[%emt 0:00:01]} Kxh8 {[%emt 0:00:00]} 26. Qh6+ {[%emt 0:00:01]} Kg8 {[%emt 0:00:00]} 27. Bd5+ {[%emt 0:00:01]} e6 {[%emt 0:00:06]} 28. Bxe6+ {[%emt 0:00:01]} Qf7 {[%emt 0:00:00]} 29. Qxg6+ {[%emt 0:00:02]} Kf8 {[%emt 0:00:02]} 30. Qxf7# {[%emt 0:00:01] (Lag: Av=1.08s, max=2.8s) (Lag: Av=1.08s, max=2.8s) (Lag: Av=1.08s, max=2.8s) Mate Mate Mate} 1-0

[Event "Stay Safe Play From Home 424"]
[Site "Emanuel Lasker Arena"]
[Date "2020.08.31"]
[Round "1"]
[White "Omerseyman"]
[Black "Dreamsoldier"]
[Result "1-0"]
[WhiteElo "1772"]
[BlackElo "1279"]
[Annotator "NA"]
[PlyCount "81"]
[EventDate "2020.08.31"]
[EventType "swiss (blitz)"]

1. e4 {[%emt 0:00:02]} Nf6 {[%emt 0:00:00]} 2. d3 {[%emt 0:00:01]} e5 {[%emt 0:00:01]} 3. Nc3 {[%emt 0:00:00]} d6 {[%emt 0:00:00]} 4. f4 {[%emt 0:00:01]} Nc6 {[%emt 0:00:00]} 5. Nf3 {[%emt 0:00:00]} Bg4 {[%emt 0:00:01]} 6. h3 {[%emt 0:00:01]} Bxf3 {[%emt 0:00:00]} 7. Qxf3 {[%emt 0:00:01]} Nd4 {[%emt 0:00:00]} 8. Qf2 {[%emt 0:00:01]} Be7 {[%emt 0:00:01]} 9. Be3 {[%emt 0:00:01]} c5 {[%emt 0:00:02]} 10. O-O-O {[%emt 0:00:02]} a5 {[%emt 0:00:01]} 11. g4 {[%emt 0:00:02]} b5 {[%emt 0:00:02]} 12. f5 {[%emt 0:00:01]} b4 {[%emt 0:00:01]} 13. Ne2 {[%emt 0:00:02]} Nxe2+ {[%emt 0:00:02]} 14. Bxe2 {[%emt 0:00:01]} a4 {[%emt 0:00:00]} 15. g5 {[%emt 0:00:03]} Nd7 {[%emt 0:00:02]} 16. h4 {[%emt 0:00:01]} f6 {[%emt 0:00:01]} 17. g6 {[%emt 0:00:02]} hxg6 {[%emt 0:00:01]} 18. fxg6 {[%emt 0:00:00]} Nb6 {[%emt 0:00:01]} 19. h5 {[%emt 0:00:01]} a3 {[%emt 0:00:01]} 20. b3 {[%emt 0:00:01]} Na4 {[%emt 0:00:02]} 21. h6 {[%emt 0:00:03]} Nc3 {[%emt 0:00:02]} 22. hxg7 {[%emt 0:00:05]} Rxh1 {[%emt 0:00:00]} 23. g8=Q+ {[%emt 0:00:02]} Kd7 {[%emt 0:00:14]} 24. Bg4+ {[%emt 0:00:02]} Kc6 {[%emt 0:00:02]} 25. Qxd8 {[%emt 0:00:01]} Rxd1+ {[%emt 0:00:02]} 26. Bxd1 {[%emt 0:00:03]} Rxd8 {[%emt 0:00:00]} 27. Bd2 {[%emt 0:00:03]} Nb5 {[%emt 0:00:06]} 28. Kb1 {[%emt 0:00:04]} Nd4 {[%emt 0:00:02]} 29. g7 {[%emt 0:00:01]} Rg8 {[%emt 0:00:01]} 30. Qg3 {[%emt 0:00:01]} Bf8 {[%emt 0:00:01]} 31. gxf8=Q {[%emt 0:00:02]} Rxf8 {[%emt 0:00:00]} 32. Qg7 {[%emt 0:00:01]} Rd8 {[%emt 0:00:02]} 33. Qxf6 {[%emt 0:00:01]} Rd7 {[%emt 0:00:00]} 34. Be3 {[%emt 0:00:00]} Nb5 {[%emt 0:00:02]} 35. d4 {[%emt 0:00:01]} Nc3+ {[%emt 0:00:01]} 36. Kc1 {[%emt 0:00:02]} exd4 {[%emt 0:00:00]} 37. Qxd6+ {[%emt 0:00:01]} Rxd6 {[%emt 0:00:01]} 38. Bf4 {[%emt 0:00:00]} Re6 {[%emt 0:00:02]} 39. e5 {[%emt 0:00:00]} Nd5 {[%emt 0:00:01]} 40. Bf3 {[%emt 0:00:00]} Kb5 {[%emt 0:00:03]} 41. Bxd5 {[%emt 0:00:00] Zaman Zaman Zaman (Lag: Av=0.76s, max=1.3s) (Lag: Av=0.76s, max=1.3s) (Lag: Av=0.76s, max=1.3s)} 1-0

[Event "Stay Safe Play From Home 424"]
[Site "Emanuel Lasker Arena"]
[Date "2020.08.31"]
[Round "1"]
[White "Haris kollari 13"]
[Black "IceQueen"]
[Result "0-1"]
[WhiteElo "1745"]
[BlackElo "2376"]
[Annotator "NA"]
[PlyCount "54"]
[EventDate "2020.08.31"]
[EventType "swiss (blitz)"]

1. e4 {[%emt 0:00:01]} c5 {[%emt 0:00:00]} 2. Nf3 {[%emt 0:00:01]} e6 {[%emt 0:00:01]} 3. d4 {[%emt 0:00:01]} cxd4 {[%emt 0:00:00]} 4. Nxd4 {[%emt 0:00:00]} a6 {[%emt 0:00:00]} 5. Nc3 {[%emt 0:00:01]} Qc7 {[%emt 0:00:00]} 6. f4 {[%emt 0:00:01]} Nc6 {[%emt 0:00:01]} 7. Be2 {[%emt 0:00:02]} Bc5 {[%emt 0:00:01]} 8. Be3 {[%emt 0:00:01]} Nf6 {[%emt 0:00:00]} 9. Qd2 {[%emt 0:00:01]} Ba7 {[%emt 0:00:02]} 10. Nxc6 {[%emt 0:00:01]} bxc6 {[%emt 0:00:01]} 11. Bxa7 {[%emt 0:00:02]} Qxa7 {[%emt 0:00:00]} 12. O-O-O {[%emt 0:00:02]} Rb8 {[%emt 0:00:00]} 13. b3 {[%emt 0:00:05]} Qc5 {[%emt 0:00:01]} 14. Bf3 {[%emt 0:00:04]} O-O {[%emt 0:00:02]} 15. Kb1 {[%emt 0:00:01]} d5 {[%emt 0:00:01]} 16. e5 {[%emt 0:00:04]} Nd7 {[%emt 0:00:01]} 17. g4 {[%emt 0:00:02]} Nb6 {[%emt 0:00:00]} 18. h4 {[%emt 0:00:04]} Nc4 {[%emt 0:00:01]} 19. Qd4 {[%emt 0:00:07]} Qa3 {[%emt 0:00:01]} 20. Na4 {[%emt 0:00:04]} Rb4 {[%emt 0:00:03]} 21. Ka1 {[%emt 0:00:06]} Rxa4 {[%emt 0:00:02]} 22. bxa4 {[%emt 0:00:01]} Qxf3 {[%emt 0:00:00]} 23. Rhf1 {[%emt 0:00:03]} Qxg4 {[%emt 0:00:01]} 24. Qc5 {[%emt 0:00:01]} h6 {[%emt 0:00:02]} 25. Qxc6 {[%emt 0:00:01]} Qg3 {[%emt 0:00:04]} 26. f5 {[%emt 0:00:01]} Qc3+ {[%emt 0:00:01]} 27. Kb1 {[%emt 0:00:01]} Qb2# {[%emt 0:00:00] (Lag: Av=0.54s, max=1.0s) (Lag: Av=0.54s, max=1.0s) (Lag: Av=0.54s, max=1.0s)} 0-1

[Event "Stay Safe Play From Home 424"]
[Site "Emanuel Lasker Arena"]
[Date "2020.08.31"]
[Round "1"]
[White "Trotsky"]
[Black "Nguyen Hong Anh"]
[Result "0-1"]
[WhiteElo "1551"]
[BlackElo "2387"]
[PlyCount "58"]
[EventDate "2020.08.31"]
[EventType "swiss (blitz)"]

1. d4 {[%emt 0:00:05]} Nf6 {[%emt 0:00:02]} 2. e3 {[%emt 0:00:01]} g6 {[%emt 0:00:01]} 3. c4 {[%emt 0:00:01]} Bg7 {[%emt 0:00:01]} 4. Nc3 {[%emt 0:00:01]} d5 {[%emt 0:00:00]} 5. Qc2 {[%emt 0:00:01]} O-O {[%emt 0:00:01]} 6. c5 {[%emt 0:00:01]} b6 {[%emt 0:00:01]} 7. Bd3 {[%emt 0:00:01]} bxc5 {[%emt 0:00:01]} 8. Bd2 {[%emt 0:00:02]} cxd4 {[%emt 0:00:01]} 9. exd4 {[%emt 0:00:02]} Nc6 {[%emt 0:00:00]} 10. Be3 {[%emt 0:00:03]} Nb4 {[%emt 0:00:01]} 11. Qb1 {[%emt 0:00:01]} Nxd3+ {[%emt 0:00:01]} 12. Qxd3 {[%emt 0:00:01]} Rb8 {[%emt 0:00:01]} 13. Nf3 {[%emt 0:00:02]} Bf5 {[%emt 0:00:00]} 14. Qd2 {[%emt 0:00:02]} Ne4 {[%emt 0:00:01]} 15. Qc1 {[%emt 0:00:02]} c5 {[%emt 0:00:02]} 16. O-O {[%emt 0:00:02]} cxd4 {[%emt 0:00:01]} 17. Bxd4 {[%emt 0:00:03]} Nxc3 {[%emt 0:00:02]} 18. bxc3 {[%emt 0:00:01]} Qa5 {[%emt 0:00:01]} 19. Nh4 {[%emt 0:00:06]} Be6 {[%emt 0:00:01]} 20. Be3 {[%emt 0:00:04]} Qxc3 {[%emt 0:00:02]} 21. Bd2 {[%emt 0:00:06]} Qxa1 {[%emt 0:00:01]} 22. Qxa1 {[%emt 0:00:01]} Bxa1 {[%emt 0:00:00]} 23. Rxa1 {[%emt 0:00:01]} Rfc8 {[%emt 0:00:00]} 24. Bh6 {[%emt 0:00:03]} Rc2 {[%emt 0:00:01]} 25. h3 {[%emt 0:00:02]} f6 {[%emt 0:00:01]} 26. Kh2 {[%emt 0:00:01]} Kf7 {[%emt 0:00:01]} 27. Nf3 {[%emt 0:00:01]} Rxf2 {[%emt 0:00:02]} 28. Re1 {[%emt 0:00:03]} Rbb2 {[%emt 0:00:02]} 29. Be3 {[%emt 0:00:03]} Rxf3 {[%emt 0:00:01] Âðåìÿ Âðåìÿ Âðåìÿ (Lag: Av=1.01s, max=1.6s) (Lag: Av=1.01s, max=1.6s) (Lag: Av=1.01s, max=1.6s)} 0-1

[Event "Stay Safe Play From Home 424"]
[Site "Emanuel Lasker Arena"]
[Date "2020.08.31"]
[Round "1"]
[White "Klasman"]
[Black "Mr bh6"]
[Result "0-1"]
[WhiteElo "1256"]
[BlackElo "2390"]
[PlyCount "36"]
[EventDate "2020.08.31"]
[EventType "swiss (blitz)"]

1. f4 {[%emt 0:00:01]} e6 {[%emt 0:00:00]} 2. c4 {[%emt 0:00:02]} c5 {[%emt 0:00:00]} 3. Nf3 {[%emt 0:00:01]} b6 {[%emt 0:00:00]} 4. e4 {[%emt 0:00:01]} Bb7 {[%emt 0:00:00]} 5. Nc3 {[%emt 0:00:02]} g6 {[%emt 0:00:00]} 6. d4 {[%emt 0:00:01]} Bg7 {[%emt 0:00:00]} 7. d5 {[%emt 0:00:02]} exd5 {[%emt 0:00:01]} 8. cxd5 {[%emt 0:00:01]} Ne7 {[%emt 0:00:00]} 9. Bd3 {[%emt 0:00:01]} O-O {[%emt 0:00:00]} 10. Be3 {[%emt 0:00:01]} d6 {[%emt 0:00:00]} 11. O-O {[%emt 0:00:01]} f5 {[%emt 0:00:00]} 12. exf5 {[%emt 0:00:04]} Nxf5 {[%emt 0:00:00]} 13. Bxf5 {[%emt 0:00:02]} Rxf5 {[%emt 0:00:00]} 14. Qc2 {[%emt 0:00:07]} Nd7 {[%emt 0:00:00]} 15. Rae1 {[%emt 0:00:02]} Qf8 {[%emt 0:00:02]} 16. Ne4 {[%emt 0:00:04]} Re8 {[%emt 0:00:01]} 17. Nfg5 {[%emt 0:00:02]} Bxd5 {[%emt 0:00:03]} 18. Nxd6 {[%emt 0:00:05]} Qxd6 {[%emt 0:00:01] . . . Time Time Time (Lag: Av=1.28s, max=8.8s) (Lag: Av=1.28s, max=8.8s) (Lag: Av=1.28s, max=8.8s)} 0-1

[Event "Stay Safe Play From Home 424"]
[Site "Emanuel Lasker Arena"]
[Date "2020.08.31"]
[Round "2"]
[White "Tran Minh Thang"]
[Black "Omerseyman"]
[Result "0-1"]
[WhiteElo "2537"]
[BlackElo "1774"]
[PlyCount "92"]
[EventDate "2020.08.31"]
[EventType "swiss (blitz)"]

1. Nf3 {[%emt 0:00:01]} Nf6 {[%emt 0:00:01]} 2. b3 {[%emt 0:00:00]} d6 {[%emt 0:00:01]} 3. Bb2 {[%emt 0:00:00]} Nbd7 {[%emt 0:00:00]} 4. e3 {[%emt 0:00:01]} e5 {[%emt 0:00:00]} 5. c4 {[%emt 0:00:00]} Be7 {[%emt 0:00:00]} 6. Nc3 {[%emt 0:00:00]} O-O {[%emt 0:00:00]} 7. d4 {[%emt 0:00:00]} e4 {[%emt 0:00:01]} 8. Nd2 {[%emt 0:00:00]} c6 {[%emt 0:00:02]} 9. Ndxe4 {[%emt 0:00:01]} d5 {[%emt 0:00:01]} 10. Nxf6+ {[%emt 0:00:01]} Nxf6 {[%emt 0:00:01]} 11. Bd3 {[%emt 0:00:00]} dxc4 {[%emt 0:00:01]} 12. bxc4 {[%emt 0:00:00]} Bg4 {[%emt 0:00:01]} 13. O-O {[%emt 0:00:00]} Bxd1 {[%emt 0:00:01]} 14. Rfxd1 {[%emt 0:00:00]} Bd6 {[%emt 0:00:01]} 15. e4 {[%emt 0:00:01]} Nd7 {[%emt 0:00:02]} 16. e5 {[%emt 0:00:01]} Bc7 {[%emt 0:00:01]} 17. Ne4 {[%emt 0:00:02]} f6 {[%emt 0:00:01]} 18. e6 {[%emt 0:00:01]} Nb8 {[%emt 0:00:01]} 19. Ba3 {[%emt 0:00:01]} Re8 {[%emt 0:00:01]} 20. d5 {[%emt 0:00:02]} cxd5 {[%emt 0:00:01]} 21. cxd5 {[%emt 0:00:00]} Qxd5 {[%emt 0:00:00]} 22. Nxf6+ {[%emt 0:00:01]} gxf6 {[%emt 0:00:01]} 23. Bxh7+ {[%emt 0:00:01]} Kxh7 {[%emt 0:00:01]} 24. Rxd5 {[%emt 0:00:00]} Rxe6 {[%emt 0:00:01]} 25. Rd7+ {[%emt 0:00:01]} Nxd7 {[%emt 0:00:01]} 26. Rd1 {[%emt 0:00:00]} Nb6 {[%emt 0:00:01]} 27. Rc1 {[%emt 0:00:01]} Rae8 {[%emt 0:00:01]} 28. g3 {[%emt 0:00:00]} Re1+ {[%emt 0:00:01]} 29. Rxe1 {[%emt 0:00:01]} Rxe1+ {[%emt 0:00:00]} 30. Kg2 {[%emt 0:00:00]} Ra1 {[%emt 0:00:00]} 31. Bc5 {[%emt 0:00:00]} Rxa2 {[%emt 0:00:01]} 32. Kf3 {[%emt 0:00:00]} Nc4 {[%emt 0:00:00]} 33. g4 {[%emt 0:00:01]} b5 {[%emt 0:00:01]} 34. h4 {[%emt 0:00:01]} a5 {[%emt 0:00:00]} 35. Ke4 {[%emt 0:00:02]} b4 {[%emt 0:00:01]} 36. f4 {[%emt 0:00:01]} b3 {[%emt 0:00:01]} 37. Kf5 {[%emt 0:00:03]} b2 {[%emt 0:00:02]} 38. g5 {[%emt 0:00:00]} fxg5 {[%emt 0:00:01]} 39. hxg5 {[%emt 0:00:02]} b1=Q+ {[%emt 0:00:01]} 40. Kf6 {[%emt 0:00:00]} Qe4 {[%emt 0:00:03]} 41. f5 {[%emt 0:00:01]} Be5+ {[%emt 0:00:02]} 42. Ke6 {[%emt 0:00:01]} Rb2 {[%emt 0:00:02]} 43. g6+ {[%emt 0:00:01]} Kg8 {[%emt 0:00:01]} 44. f6 {[%emt 0:00:02]} Bxf6+ {[%emt 0:00:01]} 45. Kxf6 {[%emt 0:00:00]} Rg2 {[%emt 0:00:01]} 46. Bd6 {[%emt 0:00:09]} Rxg6# {[%emt 0:00:02] (Lag: Av=0.90s, max=2.0s) (Lag: Av=0.90s, max=2.0s) (Lag: Av=0.90s, max=2.0s)} 0-1

[Event "Stay Safe Play From Home 424"]
[Site "Emanuel Lasker Arena"]
[Date "2020.08.31"]
[Round "2"]
[White "Eidgenosse"]
[Black "KING o KONG"]
[Result "1-0"]
[WhiteElo "2462"]
[BlackElo "989"]
[PlyCount "69"]
[EventDate "2020.08.31"]
[EventType "swiss (blitz)"]

1. Nf3 {[%emt 0:00:02]} e6 {[%emt 0:00:01]} 2. e3 {[%emt 0:00:00]} d6 {[%emt 0:00:01]} 3. d4 {[%emt 0:00:00]} b6 {[%emt 0:00:01]} 4. c4 {[%emt 0:00:00]} Bb7 {[%emt 0:00:01]} 5. Nc3 {[%emt 0:00:00]} g6 {[%emt 0:00:01]} 6. g3 {[%emt 0:00:00]} Bg7 {[%emt 0:00:01]} 7. Bg2 {[%emt 0:00:00]} Qe7 {[%emt 0:00:01]} 8. O-O {[%emt 0:00:00]} Nh6 {[%emt 0:00:01]} 9. d5 {[%emt 0:00:01]} Ng4 {[%emt 0:00:01]} 10. e4 {[%emt 0:00:01]} e5 {[%emt 0:00:01]} 11. a4 {[%emt 0:00:02]} Nxh2 {[%emt 0:00:02]} 12. Nxh2 {[%emt 0:00:02]} a5 {[%emt 0:00:01]} 13. f4 {[%emt 0:00:03]} Nd7 {[%emt 0:00:01]} 14. f5 {[%emt 0:00:01]} gxf5 {[%emt 0:00:04]} 15. Rxf5 {[%emt 0:00:00]} O-O-O {[%emt 0:00:03]} 16. Be3 {[%emt 0:00:01]} Rhf8 {[%emt 0:00:02]} 17. Qh5 {[%emt 0:00:02]} Nf6 {[%emt 0:00:05]} 18. Qh4 {[%emt 0:00:01]} Nxe4 {[%emt 0:00:02]} 19. Qxe7 {[%emt 0:00:03]} Rfe8 {[%emt 0:00:03]} 20. Qxd8+ {[%emt 0:00:02]} Rxd8 {[%emt 0:00:02]} 21. Nxe4 {[%emt 0:00:00]} f6 {[%emt 0:00:04]} 22. Raf1 {[%emt 0:00:02]} h6 {[%emt 0:00:02]} 23. Nxf6 {[%emt 0:00:01]} Bxf6 {[%emt 0:00:02]} 24. Rxf6 {[%emt 0:00:00]} Ba6 {[%emt 0:00:04]} 25. b3 {[%emt 0:00:02]} Bb7 {[%emt 0:00:02]} 26. Be4 {[%emt 0:00:02]} Ba6 {[%emt 0:00:01]} 27. Rf8 {[%emt 0:00:01]} Kd7 {[%emt 0:00:03]} 28. Rxd8+ {[%emt 0:00:01]} Kxd8 {[%emt 0:00:01]} 29. Bxh6 {[%emt 0:00:01]} Kd7 {[%emt 0:00:02]} 30. g4 {[%emt 0:00:01]} Ke7 {[%emt 0:00:02]} 31. g5 {[%emt 0:00:00]} Bc8 {[%emt 0:00:01]} 32. g6 {[%emt 0:00:00]} Bd7 {[%emt 0:00:02]} 33. g7 {[%emt 0:00:00]} Be8 {[%emt 0:00:01]} 34. g8=Q {[%emt 0:00:00]} Bf7 {[%emt 0:00:01]} 35. Qxf7+ {[%emt 0:00:00] TimeB TimeB TimeB (Lag: Av=0.25s, max=0.7s) (Lag: Av=0.25s, max=0.7s) (Lag: Av=0.25s, max=0.7s)} 1-0

[Event "Stay Safe Play From Home 424"]
[Site "Emanuel Lasker Arena"]
[Date "2020.08.31"]
[Round "2"]
[White "Mr bh6"]
[Black "Gokerkan"]
[Result "0-1"]
[WhiteElo "2391"]
[BlackElo "2615"]
[PlyCount "150"]
[EventDate "2020.08.31"]
[EventType "swiss (blitz)"]

1. d4 {[%emt 0:00:02]} c5 {[%emt 0:00:00]} 2. Nf3 {[%emt 0:00:00]} cxd4 {[%emt 0:00:00]} 3. Nxd4 {[%emt 0:00:01]} f5 {[%emt 0:00:01]} 4. Nb3 {[%emt 0:00:00]} Nf6 {[%emt 0:00:01]} 5. g3 {[%emt 0:00:01]} e5 {[%emt 0:00:01]} 6. Bg2 {[%emt 0:00:00]} d5 {[%emt 0:00:00]} 7. O-O {[%emt 0:00:00]} Nc6 {[%emt 0:00:01]} 8. c4 {[%emt 0:00:03]} Be6 {[%emt 0:00:02]} 9. cxd5 {[%emt 0:00:01]} Bxd5 {[%emt 0:00:00]} 10. Bg5 {[%emt 0:00:01]} Bxg2 {[%emt 0:00:01]} 11. Kxg2 {[%emt 0:00:00]} Be7 {[%emt 0:00:02]} 12. Nc3 {[%emt 0:00:01]} O-O {[%emt 0:00:01]} 13. Qxd8 {[%emt 0:00:01]} Rfxd8 {[%emt 0:00:01]} 14. Rfd1 {[%emt 0:00:00]} Kf7 {[%emt 0:00:01]} 15. Bxf6 {[%emt 0:00:01]} Bxf6 {[%emt 0:00:00]} 16. Nc5 {[%emt 0:00:01]} b6 {[%emt 0:00:01]} 17. Nb7 {[%emt 0:00:01]} Rxd1 {[%emt 0:00:05]} 18. Rxd1 {[%emt 0:00:00]} Be7 {[%emt 0:00:05]} 19. Nd6+ {[%emt 0:00:01]} Ke6 {[%emt 0:00:05]} 20. Ndb5 {[%emt 0:00:01]} Rd8 {[%emt 0:00:02]} 21. Nc7+ {[%emt 0:00:03]} Kf7 {[%emt 0:00:01]} 22. Rxd8 {[%emt 0:00:02]} Bxd8 {[%emt 0:00:00]} 23. N7d5 {[%emt 0:00:02]} Ke6 {[%emt 0:00:01]} 24. e4 {[%emt 0:00:02]} g6 {[%emt 0:00:02]} 25. f3 {[%emt 0:00:01]} Be7 {[%emt 0:00:01]} 26. Kf2 {[%emt 0:00:01]} Bc5+ {[%emt 0:00:01]} 27. Kg2 {[%emt 0:00:01]} Bd4 {[%emt 0:00:00]} 28. b3 {[%emt 0:00:03]} Bxc3 {[%emt 0:00:02]} 29. Nxc3 {[%emt 0:00:00]} Kd6 {[%emt 0:00:00]} 30. Kf2 {[%emt 0:00:03]} Kc5 {[%emt 0:00:00]} 31. Ke3 {[%emt 0:00:00]} Kb4 {[%emt 0:00:01]} 32. Nb1 {[%emt 0:00:01]} Nd4 {[%emt 0:00:02]} 33. f4 {[%emt 0:00:01]} Nc6 {[%emt 0:00:07]} 34. exf5 {[%emt 0:00:03]} gxf5 {[%emt 0:00:01]} 35. fxe5 {[%emt 0:00:01]} Nxe5 {[%emt 0:00:00]} 36. Kf4 {[%emt 0:00:00]} Nd3+ {[%emt 0:00:01]} 37. Kxf5 {[%emt 0:00:01]} Nc1 {[%emt 0:00:00]} 38. Kg5 {[%emt 0:00:06]} Nxa2 {[%emt 0:00:01]} 39. Kh6 {[%emt 0:00:00]} Kxb3 {[%emt 0:00:00]} 40. Kxh7 {[%emt 0:00:00]} a5 {[%emt 0:00:00]} 41. g4 {[%emt 0:00:01]} Nc3 {[%emt 0:00:00]} 42. Nd2+ {[%emt 0:00:06]} Kb4 {[%emt 0:00:01]} 43. g5 {[%emt 0:00:00]} a4 {[%emt 0:00:00]} 44. g6 {[%emt 0:00:00]} a3 {[%emt 0:00:00]} 45. g7 {[%emt 0:00:01]} Nd5 {[%emt 0:00:00]} 46. g8=Q {[%emt 0:00:00]} Nf6+ {[%emt 0:00:00]} 47. Kg7 {[%emt 0:00:00]} Nxg8 {[%emt 0:00:00]} 48. Ne4 {[%emt 0:00:03]} a2 {[%emt 0:00:01]} 49. Kxg8 {[%emt 0:00:00]} a1=Q {[%emt 0:00:00]} 50. Ng5 {[%emt 0:00:01]} Qe5 {[%emt 0:00:01]} 51. h4 {[%emt 0:00:00]} Qf4 {[%emt 0:00:01]} 52. Kg7 {[%emt 0:00:00]} Qxh4 {[%emt 0:00:01]} 53. Ne6 {[%emt 0:00:00]} Qh1 {[%emt 0:00:00]} 54. Kf7 {[%emt 0:00:00]} Qg1 {[%emt 0:00:00]} 55. Ke7 {[%emt 0:00:00]} Qe1 {[%emt 0:00:00]} 56. Kd6 {[%emt 0:00:00]} Qxe6+ {[%emt 0:00:00]} 57. Kxe6 {[%emt 0:00:00]} Kc5 {[%emt 0:00:00]} 58. Ke5 {[%emt 0:00:01]} b5 {[%emt 0:00:00]} 59. Ke4 {[%emt 0:00:00]} Kc4 {[%emt 0:00:00]} 60. Ke3 {[%emt 0:00:01]} Kc3 {[%emt 0:00:00]} 61. Ke2 {[%emt 0:00:00]} Kc2 {[%emt 0:00:00]} 62. Ke3 {[%emt 0:00:01]} b4 {[%emt 0:00:00]} 63. Kd4 {[%emt 0:00:00]} b3 {[%emt 0:00:00]} 64. Kc4 {[%emt 0:00:00]} b2 {[%emt 0:00:00]} 65. Kc5 {[%emt 0:00:00]} b1=Q {[%emt 0:00:00]} 66. Kd5 {[%emt 0:00:00]} Qb3+ {[%emt 0:00:00]} 67. Ke5 {[%emt 0:00:00]} Qc3+ {[%emt 0:00:00]} 68. Kf4 {[%emt 0:00:00]} Qd3 {[%emt 0:00:00]} 69. Ke5 {[%emt 0:00:01]} Kc3 {[%emt 0:00:00]} 70. Kf4 {[%emt 0:00:00] . . .} Kc4 {[%emt 0:00:00]} 71. Ke5 {[%emt 0:00:00]} Kc5 {[%emt 0:00:00]} 72. Ke6 {[%emt 0:00:00]} Qd4 {[%emt 0:00:00]} 73. Ke7 {[%emt 0:00:01]} Qd5 {[%emt 0:00:00]} 74. Ke8 {[%emt 0:00:00]} Kd4 {[%emt 0:00:00]} 75. Kf8 {[%emt 0:00:00]} Ke5 {[%emt 0:00:00] Time Time Time (Lag: Av=1.02s, max=4.8s) (Lag: Av=1.02s, max=4.8s) (Lag: Av=1.02s, max=4.8s)} 0-1